[Event "BL 2017-18"]
[Site "Germany"]
[Date "2018.02.25"]
[Round "10"]
[White "Ernst, Sipke"]
[Black "Perske, Thore"]
[Result "1-0"]
[WhiteElo "2530"]
[BlackElo "2443"]
[Annotator "TA"]
[PlyCount "159"]
[EventDate "2018.05.24"]
[EventType "team-tourn"]
[EventCountry "GER"]
[SourceTitle "playchess.com"]
[Source "ChessBase"]
[SourceQuality "1"]
[WhiteTeam "Hamburg SK"]
[BlackTeam "SV Hofheim"]

{[%evp 17,159,43,29,0,0,-8,-5,0,29,13,25,14,46,48,45,36,68,19,19,16,21,-19,31,27,95,105,180,154,198,164,229,229,223,197,190,197,193,195,186,188,193,159,156,152,217,186,177,163,179,145,202,201,177,188,189,154,242,242,242,221,218,0,98,0,204,216,190,197,154,130,140,56,56,56,63,63,63,63,65,54,54,54,56,60,57,39,47,0,70,47,47,47,168,168,418,412,405,443,454,460,459,362,430,425,425,403,410,405,403,403,310,134,119,125,1352,1504,1203,691,1310,1309,1035,972,912,1163,710,710,12832,5602,29977,29978,29978,29979,29979,29980,29980,29981,29983,29984,29987,29988,29988,29989,29990,29991]} 1. d4 d5 2. c4 c6 3. cxd5 cxd5 4. Bf4 Nf6 5. e3 g6 6. Nc3 Bg7 7. Nf3 O-O 8. h3 Nc6 9. Be2 Qb6 {LiveBook: 9 Games. D90: Grünfeld: 4 Nf3 Bg7 sidelines} (9... a6 10. O-O Bf5 11. Rc1 Rc8 12. Qb3 b5 13. Ne5 Nxe5 14. Bxe5 Ne4 15. Nxe4 Bxe4 16. Bxg7 Kxg7 17. Rc5 e5 18. Rfc1 Rxc5 19. dxc5 {1-0 (39) Carlsen,M (2834)-Yanchenko,R (2436) chess.com INT 2018}) 10. O-O $146 ({Find the theoretical novelty and annotate with similar games:} 10. a3 Ne4 11. Na4 Qd8 12. O-O a6 13. Rc1 Bd7 14. b4 b5 15. Nc5 Nxc5 16. Rxc5 e6 17. Ne1 {½-½ (32) Khusenkhojaev,M (2455)-Markov,M (2390) Ashkhabad 2017}) 10... Qxb2 11. Qc1 (11. Rc1 {NOTEXT} Be6 12. Na4 Qa3 13. Rc3 Qb4 14. Rc1) 11... Qxc1 {The position is equal.} 12. Rfxc1 Bd7 13. Rab1 Na5 14. Ne5 Bf5 15. Rb5 {[%mdl 1024] White has compensation.} b6 16. g4 $36 {[%mdl 2048] White has some pressure.} Rac8 {And now ...Ne4 would win.} 17. f3 Be6 18. Rbb1 Ne8 19. Ba6 Ra8 20. Nd3 {[%cal Be5d3,Bd3b4,Bb4d5][%mdl 32]} Nc4 (20... g5 $11 21. Bxg5 Nc7) 21. Kf2 $16 Ned6 (21... Rd8 $16) 22. Nb4 $1 $18 Nd2 23. Ra1 f5 (23... N2c4 $142 24. Ncxd5 Bxd5) 24. g5 (24. Ncxd5 $6 fxg4 25. hxg4 Bxd5) 24... Rad8 25. Ke2 (25. Nc6 $6 Rd7 $16) 25... N2c4 (25... N6c4 $6 26. Rd1) 26. Ncxd5 Bxd5 27. Nxd5 e5 28. dxe5 $1 (28. Bxc4 Nxc4 29. Ne7+ (29. Rxc4 Rxd5 30. Bxe5 Bxe5 $11) 29... Kh8 $11) (28. Rxc4 $6 exf4 29. Nxf4 Nxc4 $16) 28... Nxe5 29. Rc7 Rf7 30. Rac1 Rdd7 (30... Rfd7 $16 {is a better defense.} 31. Rxd7 Rxd7 32. Nf6+ Bxf6) 31. a4 Rxc7 32. Nxc7 ({But not} 32. Rxc7 $6 Rxc7 33. Nxc7 Kf7 $14) 32... Re7 33. Nb5 Nxb5 (33... Ne8 $16 34. Rc8 Kf7) 34. Rc8+ ({Much less strong is} 34. Bxb5 Kf7 $16) ({Not} 34. axb5 Rd7 $14) 34... Kf7 {aiming for ...Nd6.} 35. Bxb5 Ke6 36. h4 Nf7 (36... Kd6 $16 37. Bg3 Rc7 38. Rxc7 Kxc7) 37. Bc4+ Kd7 38. Rc7+ Ke8 39. Rc8+ (39. Rxe7+ $18 Kxe7 40. Bb8) 39... Kd7 $16 40. Rc7+ (40. Ra8 $16) 40... Ke8 $1 $18 41. Rxe7+ $1 Kxe7 {[%mdl 4096] Endgame KBB-KBN} 42. Bb8 $1 Ne5 43. Bg8 Nc6 44. Bg3 (44. Bf4 $1 $16) 44... h6 $14 45. Bd5 Nb4 46. Bc4 hxg5 47. hxg5 Nc6 48. Bb5 Ne5 49. Be1 Nd7 50. Bb4+ Kd8 51. Bd6 Be5 52. Bb4 Bg7 53. Bc4 Ke8 54. Kd2 a5 ({Better is} 54... Bf8 $14 55. Bc3 Nc5) 55. Bd6 $18 Be5 $2 (55... Kd8 56. Kd3 Be5) 56. Bxe5 $1 Nxe5 {KB-KN} 57. Bb5+ Ke7 58. f4 Nf7 59. Kd3 Nd6 60. Bc6 Kf7 61. Kd4 Ke6 62. Bd5+ $1 Ke7 {[#] If only Black now had time for ...b5....} 63. Bc4 $1 Ne4 {[#]} 64. Bd3 (64. Bb5 $1 $18 {and the rest is easy.}) 64... Nc5 $16 65. Bb5 {Threatens to win with Kd5.} Ne6+ $2 {[%mdl 8192]} (65... Kd6 $16) 66. Kd5 $18 Nd8 67. Ba6 Kd7 68. Bd3 Nb7 69. Bb5+ Kc7 70. Be8 Nd6 71. Bxg6 b5 72. axb5 a4 {[#]} 73. b6+ $1 {White mates.} Kd7 {[#]} (73... Kxb6 74. Kxd6) 74. b7 $1 Nxb7 75. Bxf5+ Ke7 76. Bb1 a3 77. f5 Kf7 78. e4 {[%cal Be3e4,Be4e5,Be5e6][%mdl 32]} Nd8 79. e5 Kg7 80. e6 {Precision: White = 69%, Black = 51%.} 1-0

[Event "BL 2017-18"]
[Site "Germany"]
[Date "2018.02.25"]
[Round "10"]
[White "Sprenger, Jan Michael"]
[Black "Meier, Georg"]
[Result "1/2-1/2"]
[WhiteElo "2514"]
[BlackElo "2647"]
[Annotator "TA"]
[PlyCount "44"]
[EventDate "2018.05.24"]
[EventType "team-tourn"]
[EventCountry "GER"]
[SourceTitle "playchess.com"]
[Source "ChessBase"]
[SourceQuality "1"]
[WhiteTeam "SFR Berlin"]
[BlackTeam "SF Deizisau"]

{[%evp 25,44,31,29,20,31,14,27,16,49,17,16,22,14,20,23,7,0,0,0,8,16]} 1. e4 e6 2. d4 d5 3. Nd2 c5 4. exd5 Qxd5 5. Ngf3 cxd4 6. Bc4 Qd7 7. O-O Nc6 8. Nb3 Nf6 9. Nbxd4 Nxd4 10. Nxd4 a6 11. Bg5 Qc7 12. Qe2 Be7 13. Rfe1 O-O {LiveBook: 5 Games. C07: French Tarrasch: 3...c5, 4 Ngf3 and 4 exd5 Qxd5} 14. Bb3 Re8 15. Rad1 Bd7 {[#]} 16. Qf3 $146 ({Predecessor:} 16. Bh4 Rad8 17. Bg3 Bd6 18. Bxd6 Qxd6 19. Nf5 Qb6 20. Nd6 Bb5 21. Qe5 {½-½ (58) Haslinger,S (2529)-De Jong,M (2373) Hoogeveen 2009}) 16... b5 17. Nf5 exf5 {[#]} 18. Rxe7 $1 {[%mdl 512]} Rxe7 19. Qxa8+ Re8 20. Qf3 Ne4 $1 {[%cal Re4g5] The position is equal.} 21. Bf4 Qc8 22. c3 Be6 1/2-1/2

[Event "BL 2017-18"]
[Site "Germany"]
[Date "2018.02.25"]
[Round "10"]
[White "Hausrath, Daniel"]
[Black "Belezky, Alexander"]
[Result "1-0"]
[WhiteElo "2499"]
[BlackElo "2360"]
[Annotator "TA"]
[PlyCount "75"]
[EventDate "2018.05.24"]
[EventType "team-tourn"]
[EventCountry "GER"]
[SourceTitle "playchess.com"]
[Source "ChessBase"]
[SourceQuality "1"]
[WhiteTeam "Muelheim"]
[BlackTeam "Bayern Muenchen"]

{[%evp 10,75,20,15,47,47,51,66,69,87,106,104,135,129,153,153,158,149,174,185,206,176,205,155,258,271,243,263,349,332,437,451,458,470,460,474,467,455,520,500,479,354,604,354,450,449,551,375,839,850,711,426,756,729,3208,3008,29966,2129,29968,29970,29970,29971,29958,29959,29988,29989,29976,29977]} 1. Nf3 Nf6 2. g3 c5 3. Bg2 d5 4. O-O Nc6 5. d4 e6 6. c4 {LiveBook: 1665 Games} a6 {E01: Catalan: Early deviations} (6... dxc4 7. dxc5 Qxd1 8. Rxd1 Bxc5 9. Nfd2 Na5 10. Na3 Bxa3 11. bxa3 O-O 12. Ne4 Nxe4 13. Bxe4 e5 14. Bb2 Re8 15. Bc3 {½-½ (31) Karjakin,S (2753)-Anand,V (2767) Wijk aan Zee 2018}) 7. cxd5 exd5 8. Bg5 Be6 {White is slightly better.} 9. Nc3 {[%cal Bb1c3,Bc3e2,Be2d4][%mdl 32]} Be7 {[#]} 10. dxc5 $1 h6 11. Be3 {[%cal Bg5e3,Be3d4,Bd4c3][%mdl 32]} Ng4 12. Bd4 $1 O-O $146 ({Find the theoretical novelty and annotate with similar games:} 12... Nxd4 13. Nxd4 Bd7 14. Nb3 Nf6 15. Nxd5 Nxd5 16. Qxd5 {1-0 (45) Wastney,S (2276)-Tindall,B (2225) Gold Coast 2001}) 13. e3 h5 14. Ne2 g5 15. Bc3 Bxc5 16. Ned4 Be7 (16... Nxd4 $16 17. Nxd4 Rc8) 17. Nxc6 $18 bxc6 18. h3 ({Much less strong is} 18. Qd4 $6 Bf6 $16) 18... Nh6 19. Nd4 ({Don't play} 19. Qd4 f6 $18) 19... Bd7 20. Qxh5 Kh7 21. e4 {[%cal Be3e4,Be4f5][%mdl 32]} c5 22. Nf5 Bxf5 23. exf5 Ra7 24. Rad1 d4 {[#]} 25. b4 $1 {[%mdl 512]} Rd7 $2 (25... Qe8 26. f6 Bxf6) (25... cxb4 26. Bxd4) 26. Bc6 Rc7 27. Be4 {Intending f6+ and mate.} Bf6 {intending ...Qe8.} 28. bxc5 dxc3 $2 (28... Re8 29. Bb1 Rd7) 29. Rxd8 Rxd8 30. c6 Re8 (30... Kg7 $142 31. Rb1 Rd6) 31. Bd5 Re5 {[#]} 32. Bxf7 $1 {Qg6+ would kill now.} Rxf7 33. Qg6+ Kh8 34. c7 {White mates.} Re8 35. Qxh6+ Kg8 36. Rb1 Be5 {[#]} 37. Qe6 $1 {[%mdl 512]} Rxe6 38. c8=Q+ {Precision: White = 82%, Black = 30%.} 1-0

[Event "BL 2017-18"]
[Site "Germany"]
[Date "2018.02.25"]
[Round "10"]
[White "Kindermann, Stefan"]
[Black "Efimenko, Zahar"]
[Result "1/2-1/2"]
[WhiteElo "2495"]
[BlackElo "2636"]
[Annotator "TA"]
[PlyCount "41"]
[EventDate "2018.05.24"]
[EventType "team-tourn"]
[EventCountry "GER"]
[SourceTitle "playchess.com"]
[Source "ChessBase"]
[SourceQuality "1"]
[WhiteTeam "Zugzwang Muenchen"]
[BlackTeam "Werder Bremen"]

{[%evp 14,41,0,4,23,11,30,26,29,16,32,-13,-20,-22,-19,-30,-15,-35,-2,-38,-8,-16,-8,0,0,0,0,0,0,0]} 1. d4 d6 2. e4 g6 3. Nc3 Bg7 4. Be3 a6 5. f4 b5 6. Be2 b4 {B06: Modern Defence} 7. Nb1 Bb7 8. Bf3 {LiveBook: 13 Games} Nd7 9. e5 Bxf3 $146 ({Predecessor:} 9... Qc8 10. Nd2 Rb8 11. Qe2 Nh6 12. Bxb7 Qxb7 13. Ngf3 O-O 14. O-O {½-½ (42) Palac,M (2570)-Hickl,J (2556) Pula 2000}) 10. Nxf3 Nh6 11. O-O O-O 12. Kh1 c5 13. c3 bxc3 14. bxc3 Qa5 15. Bg1 Rad8 {Black wants to play ...dxe5.} 16. Qb3 cxd4 (16... Rb8 $5 {[%cal Rb8b3]} 17. Qa3 Qxa3 18. Nxa3 cxd4 19. cxd4 Nb6 $15) 17. cxd4 {The position is equal.} dxe5 18. dxe5 Nc5 19. Qc3 Qxc3 $1 20. Nxc3 Nd3 21. Nd4 {Precision: White = 55%, Black = 53%.} 1/2-1/2

[Event "BL 2017-18"]
[Site "Germany"]
[Date "2018.02.25"]
[Round "10"]
[White "Feygin, Michael"]
[Black "Schneider, Stefan"]
[Result "1-0"]
[WhiteElo "2493"]
[BlackElo "2401"]
[Annotator "TA"]
[PlyCount "83"]
[EventDate "2018.05.24"]
[EventType "team-tourn"]
[EventCountry "GER"]
[SourceTitle "playchess.com"]
[Source "ChessBase"]
[SourceQuality "1"]
[WhiteTeam "Muelheim"]
[BlackTeam "Bayern Muenchen"]

{[%evp 30,83,0,0,0,0,0,0,9,-20,0,0,0,0,0,0,0,0,0,0,0,0,0,-25,0,0,67,82,248,252,241,258,258,235,245,235,391,394,304,355,504,487,667,612,1992,1943,1733,1513,1087,970,29976,29977,29976,29978,29978,29979]} 1. e4 c6 2. d4 d5 3. Nc3 dxe4 4. Nxe4 Bf5 5. Ng3 Bg6 6. h4 {[%cal Bh2h4,Bh4h5][%mdl 32]} h6 7. Nf3 Nd7 8. h5 Bh7 9. Bd3 Bxd3 10. Qxd3 e6 11. Bf4 Qa5+ 12. Bd2 Bb4 13. c3 Be7 14. O-O Ngf6 15. c4 Qd8 16. Bf4 O-O {B19: Classical Caro-Kann: 4...Bf5 main line} 17. Rfe1 Re8 18. Rad1 $1 Qa5 {The position is equal.} 19. a3 b5 20. Ne5 (20. c5 Nd5 21. Be5 f6 22. Bd6 Bxd6 23. cxd6 Qd8 24. Rc1 {0-1 (40) Renet,O (2505)-Tukmakov,V (2580) Budapest 1996}) 20... bxc4 21. Qxc4 Nxe5 22. dxe5 Nd5 23. Bc1 Qb5 24. Qg4 {Strongly threatening Bxh6.} Kh8 $146 25. Qf3 Rf8 26. Re4 f5 27. exf6 Bxf6 (27... Rxf6 $11 28. Qd3 Qb6) 28. Qg4 $14 Bxb2 $2 {[#]} (28... Rae8 $16) 29. Rb4 $1 $18 {[%mdl 512]} Nxb4 30. Bxb2 $40 {[%csl Gb2][%cal Rg4g7][%mdl 128] White attacks with force.} Qg5 31. Qxg5 ({But not} 31. Qxb4 $6 Rad8 $16) 31... hxg5 32. axb4 {Hoping for Rd7.} Rfd8 $2 (32... Kg8 33. Rd7 Rf7) 33. Rxd8+ Rxd8 34. h6 Rd1+ (34... Kh7 {was called for.} 35. Bxg7 Rd5) 35. Kh2 Kg8 36. Bxg7 Rb1 37. Ne4 Rxb4 38. Nxg5 Rg4 39. Nxe6 a5 40. f4 {[%cal Bf2f4,Bf4f5][%mdl 32] White mates.} a4 41. Kh3 Rg6 42. f5 {Precision: White = 89%, Black = 33%.} 1-0

[Event "BL 2017-18"]
[Site "Germany"]
[Date "2018.02.25"]
[Round "10"]
[White "Hertneck, Gerald"]
[Black "Nyback, Tomi"]
[Result "1/2-1/2"]
[WhiteElo "2493"]
[BlackElo "2576"]
[Annotator "TA"]
[PlyCount "99"]
[EventDate "2018.05.24"]
[EventType "team-tourn"]
[EventCountry "GER"]
[SourceTitle "playchess.com"]
[Source "ChessBase"]
[SourceQuality "1"]
[WhiteTeam "Zugzwang Muenchen"]
[BlackTeam "Werder Bremen"]

{[%evp 23,99,-26,-20,-27,-27,-31,-28,-38,18,17,30,34,28,15,21,15,23,0,16,30,75,0,10,15,16,7,8,19,30,-3,43,40,43,0,0,-22,0,0,0,-29,-32,-52,0,-31,0,0,0,0,0,0,0,0,0,0,0,0,0,-8,-8,-8,0,0,0,0,0,0,0,0,8,8,8,8,8,8,8,8,8,8]} 1. Nf3 Nf6 2. c4 g6 3. Nc3 d5 4. cxd5 Nxd5 5. Qa4+ Bd7 6. Qh4 Nxc3 7. dxc3 Nc6 8. e4 e5 9. Bg5 Be7 10. Qh6 {A16: English Opening: 1...Nf6 with ...d5} (10. Bc4 h5 11. Bxe7 Qxe7 12. Qg5 Qxg5 13. Nxg5 f6 14. Ne6 Bxe6 15. Bxe6 Ke7 {½-½ (15) Aleksandrov,A (2604)-Safarli,E (2644) Nakhchivan 2013}) 10... Bxg5 11. Nxg5 Qe7 12. Bc4 f6 {LiveBook: 4 Games} 13. Nf3 $1 O-O-O 14. Qe3 Kb8 15. O-O $146 ({Predecessor:} 15. Bd5 Rc8 16. O-O-O Nd8 17. Nd2 c6 {½-½ (34) Bellon Lopez,J (2495)-Doncevic,D (2345) Palma de Mallorca 1991}) 15... f5 ({Black should play} 15... Be6 $15 16. Qe2 Bxc4 17. Qxc4 Rd7) 16. Qg5 $11 Rhe8 17. Rad1 Na5 18. Be2 b6 19. Qxe7 Rxe7 20. Rd5 Rde8 21. Rfd1 Be6 22. Rxe5 (22. Rd8+ $16 Rxd8 23. Rxd8+ Kb7 24. exf5 (24. Nxe5 Bxa2 25. f4 fxe4 $11) 24... Bxf5 25. Rh8) 22... Bxa2 23. Rxe7 Rxe7 24. Ba6 {[%cal Rd1d8] [#]} c5 $1 25. exf5 gxf5 26. b4 Nc6 27. bxc5 bxc5 28. Rd6 Ne5 29. Nd2 Rd7 30. Rxd7 Nxd7 31. Bc4 Bxc4 32. Nxc4 {[%mdl 4096] Endgame KN-KN} Nb6 (32... Nf6 $15) 33. Nd6 f4 34. Ne4 {The position is equal.} c4 35. Kf1 a5 {White must now prevent ...a4.} 36. Ke2 Kc7 37. Kd2 Nd5 38. Kc2 Kd7 39. Kb2 Ke6 40. Nc5+ Kf5 41. Nb7 {[#]} f3 $1 {[%mdl 512]} 42. gxf3 Kf4 43. Nxa5 Kxf3 44. Nxc4 Kxf2 45. Ne5 (45. Kc2 {with more complications.} Kg2 46. Kd3 Kxh2 47. Ne3 Nf6 48. c4) 45... Nxc3 46. Kxc3 Kg2 47. h4 {[%cal Bh2h4,Bh4h5,Bh5h6][%mdl 32]} Kh3 48. h5 Kh4 49. h6 Kg5 50. Kd4 {Precision: White = 57%, Black = 52%.} 1/2-1/2

[Event "BL 2017-18"]
[Site "Germany"]
[Date "2018.02.25"]
[Round "10"]
[White "Baldauf, Marco"]
[Black "Heimann, Andreas"]
[Result "1/2-1/2"]
[WhiteElo "2484"]
[BlackElo "2582"]
[Annotator "TA"]
[PlyCount "45"]
[EventDate "2018.05.24"]
[EventType "team-tourn"]
[EventCountry "GER"]
[SourceTitle "playchess.com"]
[Source "ChessBase"]
[SourceQuality "1"]
[WhiteTeam "SFR Berlin"]
[BlackTeam "SF Deizisau"]

{[%evp 14,45,22,0,0,4,4,0,0,0,4,0,0,0,0,0,0,0,0,0,0,0,0,0,0,0,0,0,0,0,0,0,6,0]} 1. Nf3 Nf6 2. c4 c5 3. d4 cxd4 4. Nxd4 Nc6 5. Nc3 e6 6. Bf4 d6 {[%cal Bd7d6,Bd6d5][%mdl 32] A33: Symmetrical English: 2 Nf3 Nf6 3 d4 cxd4 4 Nxd4 e6 5 Nc3 Nc6} (6... d5 7. e3 Bb4 8. Be2 Bd7 9. Ndb5 e5 10. Bg5 a6 11. a3 axb5 12. axb4 Rxa1 13. Qxa1 dxc4 14. O-O O-O 15. Rd1 Qe7 16. Nd5 Qe6 17. Nc7 Qe7 18. Nd5 Qe6 19. Nc7 Qe7 {½-½ (19) Nepomniachtchi,I (2729)-Vachier Lagrave,M (2789) London 2017}) 7. Nxc6 bxc6 8. g3 {LiveBook: 5 Games. The position is equal.} d5 9. Bg2 Bd6 10. Bxd6 $146 ({Predecessor:} 10. Qd2 O-O 11. Bxd6 Qxd6 12. O-O Rb8 13. Rfd1 Rd8 14. Na4 {½-½ (52) Szabo,V (2349)-Khorunzhy,M (2430) LSS email 2010}) 10... Qxd6 11. O-O O-O 12. cxd5 cxd5 13. e4 {[%cal Re4d5]} Rb8 14. exd5 Rxb2 15. dxe6 Qxe6 16. Qd4 Qb6 17. Qxb6 Rxb6 18. Rfd1 Bg4 19. Rd4 h5 20. Nd5 Nxd5 21. Bxd5 Be6 {[#] ...Rd8 is the strong threat.} 22. Bxe6 Rxe6 23. Ra4 {Precision: White = 72%, Black = 91%.} 1/2-1/2

[Event "BL 2017-18"]
[Site "Germany"]
[Date "2018.02.25"]
[Round "10"]
[White "Paehtz, Elisabeth"]
[Black "Michalik, Peter"]
[Result "1/2-1/2"]
[WhiteElo "2464"]
[BlackElo "2548"]
[Annotator "TA"]
[PlyCount "54"]
[EventDate "2018.05.24"]
[EventType "team-tourn"]
[EventCountry "GER"]
[SourceTitle "playchess.com"]
[Source "ChessBase"]
[SourceQuality "1"]
[WhiteTeam "Dresden"]
[BlackTeam "Schwaebisch Hall"]

{[%evp 17,54,-7,2,-13,-9,-12,-10,-10,-10,-13,-10,-14,-1,-21,-11,-14,0,-21,-12,-42,-26,-32,-37,-31,28,44,46,63,60,51,69,0,84,20,50,0,0,0,0]} 1. e4 e5 2. Nf3 Nc6 3. Bb5 Nf6 4. d3 Bc5 5. Bxc6 dxc6 6. Qe2 {C65: Ruy Lopez: Berlin Defence (3...Nf6), unusual lines and 4 0-0 Bc5} Nd7 7. Nbd2 O-O 8. Nc4 Re8 9. Bd2 f6 {LiveBook: 6 Games} 10. O-O $146 ({Predecessor:} 10. h3 Nf8 11. O-O-O Be6 12. Kb1 Qe7 13. Ne3 Qf7 {½-½ (43) Dominguez Perez,L (2739)-Anand,V (2783) Saint Louis 2017}) 10... Nf8 11. Be3 Ne6 12. Bxc5 Nxc5 13. Ne3 Ne6 14. g3 c5 {[%cal Bc6c5,Bc5c4][%mdl 32]} 15. Nh4 Nd4 16. Qh5 Bh3 17. Nhg2 Qd7 18. f4 {[#]} c4 $1 {[%mdl 512]} 19. c3 (19. dxc4 Bxg2) 19... Bxg2 20. Nxg2 Nc2 (20... Nb5 $15) 21. Rad1 $11 {Black must now prevent Qe2.} cxd3 {Hoping for ...c5.} 22. Rf3 $1 $36 {[%cal Rf3d3][%mdl 2048] White has the initiative.} g6 23. Qh4 {fxe5 is the strong threat.} d2 24. Qxf6 (24. Rf2 $1 $14) 24... exf4 (24... Qg4 $1 $11 {keeps the balance.} 25. Rxd2 (25. fxe5 $2 Rf8 $19) 25... Rf8 26. Qxe5 Qxf3 27. Qd5+ Kg7 28. Qe5+ Kg8 29. Qd5+ Kg7 30. Qe5+ Kg8) 25. Rxf4 ({Better is} 25. Qxf4 $16 Ne1 26. Nxe1 dxe1=R+ 27. Rxe1) 25... Rf8 26. Rxd2 Qxd2 27. Qe6+ Kh8 {Precision: White = 42%, Black = 51%.} 1/2-1/2

[Event "BL 2017-18"]
[Site "Germany"]
[Date "2018.02.25"]
[Round "10"]
[White "Kovacs, Gabor"]
[Black "Parligras, Mircea Emilian"]
[Result "0-1"]
[WhiteElo "2461"]
[BlackElo "2638"]
[Annotator "TA"]
[PlyCount "72"]
[EventDate "2018.05.24"]
[EventType "team-tourn"]
[EventCountry "GER"]
[SourceTitle "playchess.com"]
[Source "ChessBase"]
[SourceQuality "1"]
[WhiteTeam "Speyer"]
[BlackTeam "Aachen"]

{[%evp 19,72,13,22,-23,-20,-23,-11,-18,-22,-30,-12,-59,-54,-77,-75,-72,-48,-59,-62,-61,-69,-50,-58,-210,-198,-207,-193,-170,-71,-60,-8,-77,-76,-96,-102,-138,-115,-105,-114,-113,-106,-105,-112,-137,-134,-161,-150,-437,-447,-444,-443,-427,-418,-422,-426]} 1. d4 Nf6 2. c4 e6 3. Nc3 Bb4 4. e3 O-O 5. Nf3 d5 6. Bd3 dxc4 7. Bxc4 c5 8. O-O Nc6 9. a3 Ba5 10. Qd3 a6 {LiveBook: 37 Partien. E56: Nimzoindisch (Moderne Variante)} (10... Bb6 11. Rd1 cxd4 12. exd4 h6 13. Bf4 Bd7 14. Ne5 Rc8 15. Ba2 Ne7 16. Qh3 Re8 17. Rd3 Ng6 18. Nxg6 fxg6 {1-0 (28) Khismatullin,D (2642)-Khairullin,I (2662) Chita 2015}) 11. Bd2 $146 ({Vorgänger:} 11. dxc5 Qxd3 12. Bxd3 Bxc3 13. bxc3 Na5 14. Rb1 Rd8 15. Bc2 Bd7 16. e4 Bb5 17. Re1 Bd3 18. Bxd3 Rxd3 19. a4 {½-½ (39) Babula,V (2548)-Kuljasevic,D (2555) Hungary 2017}) 11... b5 12. Ba2 $1 Bb7 {Schwarz hat minimalen Vorteil.} 13. Rad1 Bc7 14. Bc1 Qd6 {Droht stark ...Sxd4!} 15. dxc5 Qxc5 16. Ne2 Rfd8 $36 {[%mdl 2048] Weiss steht unter starkem Druck.} 17. Qc3 Qh5 {Droht ...Se4 und aus.} 18. Nf4 Qh6 19. Qc5 Ne4 20. Qc2 Ng5 21. Qe2 $2 {[#]} ({Lieber} 21. Nxg5 $15 Qxg5 22. Bb1) 21... Nb4 $1 $19 {[%mdl 512]} 22. Nxg5 (22. axb4 Nxf3+ 23. gxf3 Bxf4 $19) 22... Nxa2 23. Qg4 Nxc1 (23... Qf6 $19 {bietet bessere Gewinnchancen. Weiss muss nun ...h6 beachten.} 24. h3 Rxd1 25. Rxd1 Rd8) 24. Rxc1 $17 Be5 ({Günstiger ist} 24... Bb6 $15) 25. Rc5 (25. h4 $11 {bleibt in der Remisbreite.}) 25... Bd6 26. Rcc1 Qf6 27. b4 Rac8 28. Rxc8 Rxc8 29. Rd1 {[%cal Rg5e6]} Be7 30. h4 h6 31. Nf3 Rd8 32. Rc1 Be4 33. Nh5 $2 {[#]} (33. Nd4 $17 Qxh4 34. Qxh4 Bxh4 35. f3) 33... Qb2 $1 $19 {[%cal Rb2c1]} 34. Rf1 Bf5 35. Qg3 Bd6 36. Nf4 e5 {Precision: Weiß = 43%, Schwarz = 57%.} 0-1

[Event "BL 2017-18"]
[Site "Germany"]
[Date "2018.02.25"]
[Round "10"]
[White "Krause, Benedict"]
[Black "Saric, Ivan"]
[Result "1/2-1/2"]
[WhiteElo "2453"]
[BlackElo "2662"]
[Annotator "TA"]
[PlyCount "91"]
[EventDate "2018.05.24"]
[EventType "team-tourn"]
[EventCountry "GER"]
[SourceTitle "playchess.com"]
[Source "ChessBase"]
[SourceQuality "1"]
[WhiteTeam "Norderstedt"]
[BlackTeam "Hockenheim"]

{[%evp 24,91,19,26,21,39,16,0,0,0,0,0,0,0,3,0,0,0,0,0,0,0,0,0,0,0,0,0,14,0,9,4,14,7,7,0,0,0,6,0,23,0,2,0,0,0,0,0,0,0,0,0,0,0,0,-8,-8,-8,-8,-8,0,0,0,0,0,0,0,0,0,-8]} 1. e4 g6 2. d4 Bg7 3. Nc3 d6 4. f4 Nf6 5. Nf3 O-O 6. e5 dxe5 7. fxe5 Nd5 8. Bc4 Be6 9. Bxd5 {B09: Pirc Defence: Austrian Attack} Bxd5 10. Nxd5 Qxd5 11. Qe2 c5 12. c4 Qd7 13. d5 {[%cal Bd4d5,Bd5d6][%mdl 32] LiveBook: 14 Games} e6 14. d6 $1 f6 15. Bf4 fxe5 16. Bxe5 Bxe5 17. Qxe5 {[#]} Nc6 $146 18. Qxc5 Rf5 19. Qe3 {[#] Threatens to win with Rd1.} Qxd6 20. O-O Rd8 21. Rae1 e5 22. b3 b6 23. Ng5 Rxf1+ 24. Rxf1 Qd4 25. Qxd4 exd4 $11 {[%mdl 4096] Endgame KRN-KRN} 26. Rd1 h6 27. Nf3 g5 28. h3 Kf7 29. Kf2 Kf6 30. g4 Rd6 31. a3 a5 32. Rd3 Kg6 {The position is equal.} 33. Kg3 h5 34. h4 hxg4 35. Kxg4 gxh4 36. Nxh4+ Kf6 {[#] Hoping for ...Ne5+.} 37. Kf4 Ne5 38. Rd1 a4 39. bxa4 d3 {[%cal Bd4d3,Bd3d2][%mdl 32] aiming for ...Rd4+.} 40. Ke4 d2 41. Nf5 Re6 42. Nd4 Re8 43. Nf3 Nxc4+ 44. Kd4 Nxa3 45. Nxd2 Ra8 46. Ke4 {Precision: White = 44%, Black = 71%.} 1/2-1/2